LEADER 02805nam 2200349 n 450 001 9910725011403321 005 20230703112130.0 035 $a(CKB)5470000002602083 035 $a(NjHacI)995470000002602083 035 $a(EXLCZ)995470000002602083 100 $a20230703d2007 uy 0 101 0 $afre 135 $aur||||||||||| 181 $ctxt$2rdacontent 182 $cc$2rdamedia 183 $acr$2rdacarrier 200 10$aJournalisme radiophonique /$fDominique Payette, Anne-Marie Brunelle 210 1$aMontre?al :$cPresses de l'Universite? de Montre?al,$d2007. 215 $a1 online resource (166 pages) 327 $aPremie?re partie : Comprendre la radio -- La radio -- Les me?tiers de la radio -- L'information radio -- Deuxie?me partie : Faire de l'information radio -- L'e?criture radio -- La fabrication d'un bulletin de nouvelles -- Le choix des sujets dans les e?missions d'affaires publiques -- La recherche -- L'interview -- L'enregistrement audio -- Le montage assiste? par ordinateur -- Structurer un reportage d'actualite? -- Structurer une e?mission d'information -- Troisie?me partie : La loi, l'e?thique et la de?ontologie -- Le cadre le?gal et juridique de la radiodiffusion -- E?thique et de?ontologie -- Conclusion. 330 $aPolyvalente et moins cou?teuse que les autres me?dias, la radio a des qualite?s exceptionnelles qui font mentir ceux qui, depuis l'ave?nement de la te?le?vision, pre?disent sa mort. Loin d'e?tre e?clipse?e par chacune des nouvelles technologies cense?es la remplacer, la radio s'affirme toujours comme e?tant le me?dia de proximite? par excellence tout en faisant de?sormais le tour de la plane?te mieux qu'aucun autre. Comment les journalistes peuvent-ils utiliser toutes les possibilite?s qu'offre la radio? Ce livre explore diffe?rents aspects du journalisme radiophonique et pre?sente toutes les e?tapes de la construction de reportages radiophoniques de nouvelles ou d'affaires publiques. Il de?crit me?thodiquement les re?gles de base et les proce?dures a? suivre dans le respect des auditeurs et des re?gles de?ontologiques. Cet ouvrage permettra a? toutes les personnes inte?resse?es par la radio, professionnels de l'audio, be?ne?voles de radios communautaires ou e?tudiants en journalisme d'acque?rir de solides connaissances ou de mettre a? jour leurs compe?tences tout en re?fle?chissant a? l'information radiophonique. 606 $aRadio journalism 615 0$aRadio journalism. 676 $a070.194 700 $aPayette$b Dominique$0956727 702 $aBrunelle$b Anne-Marie 801 0$bNjHacI 801 1$bNjHacl 906 $aBOOK 912 $a9910725011403321 996 $aJournalisme radiophonique$93395660 997 $aUNINA LEADER 01763nam 2200553 450 001 9910797071603321 005 20230126212739.0 010 $a1-60938-332-X 035 $a(CKB)3710000000366059 035 $a(EBL)1977420 035 $a(SSID)ssj0001437293 035 $a(PQKBManifestationID)12520922 035 $a(PQKBTitleCode)TC0001437293 035 $a(PQKBWorkID)11445129 035 $a(PQKB)11104776 035 $a(MiAaPQ)EBC1977420 035 $a(OCoLC)904014639 035 $a(MdBmJHUP)muse45469 035 $a(Au-PeEL)EBL1977420 035 $a(CaPaEBR)ebr11026069 035 $a(EXLCZ)993710000000366059 100 $a20150317h20152015 uy 0 101 0 $aeng 135 $aur|n|---||||| 181 $ctxt 182 $cc 183 $acr 200 14$aThe rainy season $ethree lives in the new South Africa /$fMaggie Messitt 210 1$aIowa City, Iowa :$cUniversity Of Iowa Press,$d2015. 210 4$dİ2015 215 $a1 online resource (215 p.) 300 $aDescription based upon print version of record. 311 $a1-60938-327-3 327 $tSpring --$tSummer --$tAutumn --$tEpilogue --$tIn the field. 606 $aPost-apartheid era$xSocial aspects$zSouth Africa 606 $aPost-apartheid era$xEconomic aspects$zSouth Africa 607 $aSouth Africa$xSocial conditions$y21st century 607 $aSouth Africa$xEconomic conditions$y21st century 615 0$aPost-apartheid era$xSocial aspects 615 0$aPost-apartheid era$xEconomic aspects 676 $a306.0968 700 $aMessitt$b Maggie$01541368 801 0$bMiAaPQ 801 1$bMiAaPQ 801 2$bMiAaPQ 906 $aBOOK 912 $a9910797071603321 996 $aThe rainy season$93793490 997 $aUNINA